Electrical engineering fundamentals / (Record no. 10260)
[ view plain ]
| 000 -LEADER | |
|---|---|
| fixed length control field | 00519cam a2200193ua 4500 |
| 020 ## - INTERNATIONAL STANDARD BOOK NUMBER | |
| ISBN | 81 203 0599 x |
| 041 ## - LANGUAGE CODE | |
| Language code of text/sound track or separate title | eng |
| 082 ## - DEWEY DECIMAL CLASSIFICATION NUMBER | |
| Classification number | 621.3 |
| Item number | TOR/EL |
| 100 ## - MAIN ENTRY--AUTHOR NAME | |
| Personal name | Toro, Vincent Del . |
| 245 ## - TITLE STATEMENT | |
| Title | Electrical engineering fundamentals / |
| 250 ## - EDITION STATEMENT | |
| Edition statement | 2 / |
| 260 ## - PUBLICATION, DISTRIBUTION, ETC. (IMPRINT) | |
| Place of publication | New Delhi : |
| Name of publisher | Prentice Hall of India Pvt Ltd. , |
| Year of publication | 1994. |
| 300 ## - PHYSICAL DESCRIPTION | |
| Number of Pages | 921 ; . |
| 942 ## - ADDED ENTRY ELEMENTS (KOHA) | |
| Koha item type | Books |
| Withdrawn status | Lost status | Damaged status | Home library | Current library | Date acquired | Full call number | Accession Number | Koha item type | Shelving location |
|---|---|---|---|---|---|---|---|---|---|
| KAUAET | KAUAET | 07/04/2012 | 621.3 | 19038 | Books | ||||
| KAUAET | KAUAET | 07/04/2012 | 621.3 | 19039 | Books | ||||
| KAUAET | KAUAET | 11/09/2018 | 621.3 TOR/EL | 18840 | Books | Scheme | |||
| KAUAET | KAUAET | 11/09/2018 | 621.3 TOR/EL | 18841 | Books | Scheme |
